25 Biggest Cities in China! - Statistics

General Stats
  • This quiz has been taken 76 times
  • The average score is 15 of 25
Answer Stats
Hint Answer % Correct
11,716,620 Beijing
100%
11,071,424 Guangzhou
100%
22,315,474 Shanghai
100%
6,501,190 Xi'an
93%
11,090,314 Tianjin
91%
7,415,590 Chengdu
90%
9,785,388 Wuhan
86%
10,358,381 Shenzhen
84%
7,457,600 Chongqing
81%
5,878,939 Harbin
78%
7,165,292 Nanjing
71%
6,241,971 Hangzhou
64%
3,718,835 Qingdao
60%
4,253,913 Zhengzhou
57%
4,335,989 Jinan
53%
6,255,921 Shenyang
53%
4,087,733 Dalian
52%
3,885,346 Kunming
50%
5,329,024 Shantou
41%
5,345,961 Suzhou
40%
8,000,000 Dongguan
34%
4,197,073 Changchun
29%
3,600,000 Foshan
24%
7,150,000 Nanchong
2%
5,499,000 Tai'an
0%
No matching quizzes found
Score Distribution
Percent of People with Each Score
Percentile by Number Answered
Your Score History
You have not taken this quiz